00339 a2200145 450000100060000002000150000604000240002110000260004524000370007124500320010830000070014036200090014744000130015665000240016968779 a8526263404 cAnchieta - Itaigara aSallout, Elza César10aSabe o que a girafa espiou?lpor10aSabe o que a girafa espiou? a160 a2006 1aScipione 4aLiteratura infantil